| 000 | 00961cab a2200253 4500 | ||
|---|---|---|---|
| 001 | WB3141-02 | ||
| 008 | 090401t1995 xxu||||| |||| 00| 0 eng d | ||
| 035 | _a(Sirsi) u14797 | ||
| 041 | _aeng | ||
| 245 | _aBuilders` bosses pay price of failure | ||
| 260 | _c1995 | ||
| 350 | _a0 | ||
| 490 |
_aInvestors Chronicle _v114(1448) 27 October 1995, 16-17(1) |
||
| 520 | _aAs thousands of builders face losing their jobs over the next six months, the bosses of building firms are also finding themselves redundant. Recently YJ Lovell`s Robert Sellir, John Mowlem`s John Marshall and Peter Costain of Costains either retired or found themselves demoted in an industry in need of restructuring. | ||
| 650 | _aCONSTRUCTION COMPANIES | ||
| 650 | _aCONSTRUCTION INDUSTRY EMPLOYERS COUNCIL | ||
| 650 | _aCOSTAIN | ||
| 650 | _aEMPLOYMENT | ||
| 650 | _aJOHN MOWLEM | ||
| 650 | _aY J LOVELL | ||
| 690 | _aBUILT ENVIRONMENT | ||
| 942 | _n0 | ||
| 948 | _c04/03/1997 | ||
| 999 |
_c9659 _d9659 |
||